Missing Word: California Tourist Attractions Quiz Stats

 Plays Quiz Updated Feb 21, 2019

Score 0/18 Timer 04:00
0 Plays Today
Place Answer % Correct
Golden ____ BridgeGate
99.7%
Alcatraz ____Island
97.4%
San Francisco ____ of Modern ArtMuseum
96.2%
Universal ____ HollywoodStudios
95.2%
Napa ____ Wineries Valley
94.3%
The ____ OceanPacific
88.6%
Channel Islands National ____Park
87.6%
San ____ Zoo, Balboa ParkDiego
86.8%
Death Valley ____ ParkNational
85%
Place Answer % Correct
The ____ MaryQueen
82.1%
Emerald Bay, South ____ TahoeLake
81.6%
La Brea ____ PitsTar
80.6%
The ____ Sign, Mount LeeHollywood
68%
Monterey ____ AquariumBay
64.5%
Mission ____ Juan CapistranoSan
61.3%
Hearst ____Castle
49.8%
Santa Cruz ____ BoardwalkBeach
40.4%
General Sherman ____, Sequoia National ParkTree
33.5%

Today's Daily Dose

Missing Word
Celine Dion

Word Ladder
Dr. Seuss Books

Quick Pick
Cities in India

Get the Picture
'A' Actresses

You're not logged in!

Compare scores with friends on all Sporcle quizzes.
OR
Log In

Sporcle TV

Today on Sporcle TV


Watch our educational content, quiz creation guides, and fun videos on Sporcle TV.

Show Comments

Extras

Top Quizzes Today


Score Distribution

Your Account Isn't Verified!

In order to create a playlist on Sporcle, you need to verify the email address you used during registration. Go to your Sporcle Settings to finish the process.

Report this User

Report this user for behavior that violates our Community Guidelines.

Details: